Central Library OPAC University of Rajshahi

Specific relief act (Act 1 of 1877) in India, Pakistan & Burma / (Record no. 51917)

MARC details
000 -LEADER
fixed length control field 00724nam a2200241 a 4500
001 - CONTROL NUMBER
control field 51917
003 - CONTROL NUMBER IDENTIFIER
rucl marc code BD-RjUL
005 - DATE AND TIME OF LATEST TRANSACTION
control field 20211209075730.0
008 - FIXED-LENGTH DATA ELEMENTS--GENERAL INFORMATION
fixed length control field 160904s1954 ii 001 0 eng
035 ## - SYSTEM CONTROL NUMBER
System control number (BD-RjUL)52037
040 ## - CATALOGING SOURCE
Original cataloging agency DLC
Transcribing agency CarP
Modifying agency DLC
-- BD-RjUL
Language of cataloging eng
041 ## - LANGUAGE CODE
Language code of text/sound track or separate title eng
082 ## - DEWEY DECIMAL CLASSIFICATION NUMBER
Edition number 23
Classification number 347.5491077
Author mark and year SAS 1954
100 1# - MAIN ENTRY--PERSONAL NAME
Personal name Sarkar, M. C
9 (RLIN) 154595
245 10 - TITLE STATEMENT
Title Specific relief act (Act 1 of 1877) in India, Pakistan & Burma /
Statement of responsibility, etc. by M. C. Sarkar ; Durga Das Basu.
250 ## - EDITION STATEMENT
Edition statement 8th ed.
260 ## - PUBLICATION, DISTRIBUTION, ETC. (IMPRINT)
Place of publication, distribution, etc. Calcutta :
Name of publisher, distributor, etc. S. C. Sarkar,
Date of publication, distribution, etc. 1954
300 ## - PHYSICAL DESCRIPTION
Pagination [32], 479 p. ;
Size 21 cm.
500 ## - GENERAL NOTE
General note Includes index
650 #0 - SUBJECT ADDED ENTRY--TOPICAL TERM
Topical term or geographic name as entry element Equitable remedies
Geographic subdivision India.
9 (RLIN) 154597
700 1# - ADDED ENTRY--PERSONAL NAME
Personal name Basu, Durga Das
942 ## - ADDED ENTRY ELEMENTS (KOHA)
Source of classification or shelving scheme Dewey Decimal Classification
Koha item type Books
Holdings
Lost status Source of classification or shelving scheme Damaged status Not for loan Collection code Permanent Location Current Location Shelving location Date acquired Source of acquisition Total Checkouts Full call number Date last seen Copy number Koha item type
  Dewey Decimal Classification     Non-fiction Central Library, University of Rajshahi Central Library, University of Rajshahi   04/09/2016 A.B.D.   347.5491077 SAS 1954 04/09/2016 C-2 Books